<?xml version="1.0" encoding="UTF-8"?>
<record
    xmlns:xsi="http://www.w3.org/2001/XMLSchema-instance"
    xsi:schemaLocation="http://www.loc.gov/MARC21/slim http://www.loc.gov/standards/marcxml/schema/MARC21slim.xsd"
    xmlns="http://www.loc.gov/MARC21/slim">

  <leader>00487    a2200121   4500</leader>
  <controlfield tag="001">ART_24046</controlfield>
  <controlfield tag="005">20260410161933.0</controlfield>
  <controlfield tag="008">260409a                                 </controlfield>
  <datafield tag="245" ind1="1" ind2="0">
    <subfield code="a">Creaci&#xF3;n de empresas, crecimiento en la productividad y cambio estructural como respuesta a una modificaci&#xF3;n en la pol&#xED;tica macroecon&#xF3;mica.</subfield>
  </datafield>
  <datafield tag="100" ind1="1" ind2=" ">
    <subfield code="a">Katz, Jorge M.</subfield>
  </datafield>
  <datafield tag="700" ind1="1" ind2=" ">
    <subfield code="a">Bernat, Gonzalo</subfield>
  </datafield>
  <datafield tag="773" ind1="0" ind2=" ">
    <subfield code="t">Revista de Econom&#xED;a Pol&#xED;tica de Buenos Aires</subfield>
    <subfield code="g">- A&#xF1;o 5, N&#xBA; 9/10 (nov. 2011)</subfield>
    <subfield code="w">REV23982</subfield>
  </datafield>
  <datafield tag="999" ind1=" " ind2=" ">
    <subfield code="c">28814</subfield>
    <subfield code="d">28814</subfield>
  </datafield>
</record>
